000 00296nam a22001217a 4500
082 _a620 MOL'T
100 _aTHURSTON, A.P
_960657
245 _aMOLESWORTH'S HANDBOOK OF ENGINEERING FORMULA AND DATA
250 _a34TH
260 _aLONDON
_bE & F.N
_c1951
300 _aXXIV, 1672P
942 _cBK
999 _c570338
_d570338